000 00497nam a2200193Ia 4500
005 20240823013429.0
008 240823s9999||||xx |||||||||||||| ||und||
020 _a0-07-058339-0
041 _aENGLISH
082 _A658 P4
100 _a"Koontz,Harols and Weihrich,Heniz"
245 0 _aEssentials of Management : An International Perspective
250 _a6th
260 _c2004
_bTMH New D
500 _aYES
650 _aManagement
_bManagement Studies
942 _cBK
999 _c167221
_d167221